[Event "Glorney Cup U18"]
[Site "Hull"]
[Date "2024.07.24"]
[Round "3.4"]
[White "Landmark, Gabriel"]
[Black "Pelling, Kyle"]
[Result "1/2-1/2"]
[WhiteElo "1727"]
[BlackElo "1911"]
[PlyCount "97"]
[EventDate "2024.07.23"]
[EventType "team-tourn"]
[EventRounds "5"]
[EventCountry "ENG"]
[SourceTitle "CBM 221 Extra"]
[Source "ChessBase"]
[SourceDate "2024.09.30"]
[SourceVersion "1"]
[SourceVersionDate "2024.09.30"]
[SourceQuality "1"]
[WhiteTeam "Ireland"]
[BlackTeam "England"]
[WhiteTeamCountry "IRL"]
[BlackTeamCountry "ENG"]

1. e4 g6 2. d4 Bg7 3. c4 c5 4. d5 d6 5. Nc3 Nf6 6. Bd3 0-0 7. Nge2 e6 8. f3 exd5 9. cxd5 Nbd7 10. Bf4 Qe7 11. Qd2 Ne5 12. Bxe5 Qxe5 13. g4 a6 14. a4 Bd7 15. f4 Qe7 16. g5 Nh5 17. f5 Bxc3 18. Nxc3 Bxf5 19. 0-0-0 Bd7 20. Be2 Ng7 21. a5 b5 22. axb6 Rfb8 23. h4 Rxb6 24. Qf4 Rab8 25. Rd2 Nh5 26. Bxh5 gxh5 27. Rf2 Bg4 28. Rhf1 R6b7 29. Nd1 Qd8 30. Qd2 Bxd1 31. Qxd1 Qa5 32. Qd3 c4 33. Qc2 Qa1+ 34. Qb1 Qxb1+ 35. Kxb1 c3 36. b3 Rxb3+ 37. Kc2 Ra3 38. Kc1 Rb7 39. Rf3 Re7 40. Kc2 Rxe4 41. Rxf7 Re2+ 42. Kd3 Re8 43. Kc2 Rb8 44. Kc1 Ra1+ 45. Kc2 Ra3 46. Kc1 Ra1+ 47. Kc2 Ra3 48. Kc1 Ra1+ 49. Kc2 1/2-1/2

[Event "Glorney Cup U18"]
[Site "Hull"]
[Date "2024.07.24"]
[Round "4.4"]
[White "Pelling, Kyle"]
[Black "Patton, Zachary"]
[Result "1-0"]
[WhiteElo "1911"]
[BlackElo "1871"]
[PlyCount "61"]
[EventDate "2024.07.23"]
[EventType "team-tourn"]
[EventRounds "5"]
[EventCountry "ENG"]
[SourceTitle "CBM 221 Extra"]
[Source "ChessBase"]
[SourceDate "2024.09.30"]
[SourceVersion "1"]
[SourceVersionDate "2024.09.30"]
[SourceQuality "1"]
[WhiteTeam "England"]
[BlackTeam "Scotland"]
[WhiteTeamCountry "ENG"]
[BlackTeamCountry "SCO"]

1. e4 c6 2. d4 d5 3. exd5 cxd5 4. c4 Nf6 5. Nc3 e6 6. c5 Nc6 7. Nf3 Be7 8. Bb5 0-0 9. Bxc6 bxc6 10. Ne5 Qe8 11. Bf4 Ne4 12. Nxe4 dxe4 13. Qa4 Bd7 14. Qc2 f5 15. h4 Bf6 16. 0-0-0 Bxe5 17. Bxe5 a5 18. h5 Rf7 19. f3 e3 20. f4 Bc8 21. Rde1 e2 22. Rxe2 Ba6 23. Re3 a4 24. Rg3 Bb5 25. Rhh3 Raa7 26. Rg5 Qd7 27. Bd6 Qb7 28. Re3 Rf6 29. Be5 Rf7 30. g4 fxg4 31. h6 1-0

[Event "Glorney Cup U18"]
[Site "Hull"]
[Date "2024.07.23"]
[Round "1.4"]
[White "Ivan, Austin"]
[Black "Pelling, Kyle"]
[Result "1/2-1/2"]
[WhiteElo "1751"]
[BlackElo "1911"]
[PlyCount "100"]
[EventDate "2024.07.23"]
[EventType "team-tourn"]
[EventRounds "5"]
[EventCountry "ENG"]
[SourceTitle "CBM 221 Extra"]
[Source "ChessBase"]
[SourceDate "2024.09.30"]
[SourceVersion "1"]
[SourceVersionDate "2024.09.30"]
[SourceQuality "1"]
[WhiteTeam "England II"]
[BlackTeam "England"]
[WhiteTeamCountry "ENG"]
[BlackTeamCountry "ENG"]

1. d4 g6 2. e4 Bg7 3. Nc3 c5 4. dxc5 Bxc3+ 5. bxc3 Qa5 6. Qd4 Nf6 7. Qb4 Qc7 8. Bb5 Nc6 9. Bxc6 Qxc6 10. f3 b6 11. Be3 Ba6 12. Ne2 bxc5 13. Qxc5 Qa4 14. Nd4 Rc8 15. Qb4 Qxb4 16. cxb4 e5 17. b5 exd4 18. Bxd4 Ke7 19. bxa6 Rc6 20. c4 Rxc4 21. 0-0 Rc2 22. Bxa7 Ra8 23. Bd4 Rxa6 24. Rf2 Rc4 25. Rd2 Ne8 26. Rad1 d6 27. Rb1 Rac6 28. Kf2 Nc7 29. Ke3 Ke6 30. Rb6 Rxb6 31. Bxb6 Nb5 32. Rb2 Nc3 33. Kd3 Rc6 34. Bd4 Na4 35. Rb4 Nc5+ 36. Bxc5 Rxc5 37. Rb1 Ra5 38. Ra1 d5 39. a4 dxe4+ 40. Kxe4 f5+ 41. Kd4 Kd6 42. Kc4 Rc5+ 43. Kb4 Rc2 44. a5 Kc7 45. Kb5 Rxg2 46. Ka6 Rb2 47. Rc1+ Kb8 48. Re1 h6 49. Re8+ Kc7 50. Re7+ Kb8 1/2-1/2

[Event "British Rapidplay"]
[Site "Peterborough"]
[Date "2024.03.03"]
[Round "11"]
[White "Hu, Junyan"]
[Black "Pelling, Kyle"]
[Result "0-1"]
[WhiteElo "1704"]
[BlackElo "1885"]
[PlyCount "76"]
[EventDate "2024.03.02"]
[EventType "swiss (rapid)"]
[EventRounds "11"]
[EventCountry "ENG"]
[SourceTitle "CBM 219 Extra"]
[Source "ChessBase"]
[SourceDate "2024.05.31"]
[SourceVersion "1"]
[SourceVersionDate "2024.05.31"]
[SourceQuality "1"]

1. e4 g6 2. d4 Bg7 3. Nf3 c5 4. d5 d6 5. c4 Nf6 6. Bd3 0-0 7. 0-0 e6 8. Nc3 exd5 9. exd5 Re8 10. h3 Nbd7 11. Bf4 Ne5 12. Be2 h5 13. Qd2 Bd7 14. Rac1 a6 15. Rfe1 Rb8 16. a4 Qa5 17. b3 Qb4 18. Qa2 Nxf3+ 19. gxf3 Bxh3 20. Bxd6 Rbd8 21. Bg3 Bh6 22. f4 Bg4 23. Kg2 Bg7 24. Bxg4 Rxe1 25. Rxe1 Nxg4 26. f3 Bxc3 27. Re2 Nh6 28. Bh4 Rc8 29. Bg5 Nf5 30. Qb1 f6 31. Re6 Kg7 32. Qe4 fxg5 33. Rxg6+ Kxg6 34. Qe6+ Bf6 35. Qxc8 Qd2+ 36. Kh3 g4+ 37. fxg4 hxg4+ 38. Kxg4 Qg2# 0-1

[Event "British Rapidplay"]
[Site "Peterborough"]
[Date "2024.03.02"]
[Round "5"]
[White "Pelling, Kyle"]
[Black "Ledger, Stephen C"]
[Result "0-1"]
[WhiteElo "1885"]
[BlackElo "2002"]
[PlyCount "94"]
[EventDate "2024.03.02"]
[EventType "swiss (rapid)"]
[EventRounds "11"]
[EventCountry "ENG"]
[SourceTitle "CBM 219 Extra"]
[Source "ChessBase"]
[SourceDate "2024.05.31"]
[SourceVersion "1"]
[SourceVersionDate "2024.05.31"]
[SourceQuality "1"]

1. e4 c5 2. Nf3 Nc6 3. d4 cxd4 4. Nxd4 e5 5. Nb5 a6 6. Nd6+ Bxd6 7. Qxd6 Qf6 8. Qa3 Qg6 9. Nd2 Nge7 10. Qd3 0-0 11. b3 d5 12. Ba3 dxe4 13. Qg3 Bf5 14. Qxg6 Bxg6 15. 0-0-0 Rfd8 16. g3 Nd5 17. Nc4 b5 18. Ne3 Nc3 19. Rxd8+ Rxd8 20. Kb2 Nd1+ 21. Nxd1 Rxd1 22. Bc5 Nd4 23. Bg2 Rd2 24. Bxd4 exd4 25. Re1 e3 26. fxe3 Rxc2+ 27. Ka3 Rxg2 28. exd4 f6 29. Kb4 Rxa2 30. d5 Kf7 31. d6 Bf5 32. Re7+ Kg6 33. Kc3 Ra1 34. Ra7 a5 35. Rb7 a4 36. Rxb5 axb3 37. Rxb3 Rd1 38. Rb6 h5 39. h4 Rd3+ 40. Kc4 Rxg3 41. Rb7 Rg4+ 42. Kc3 Rxh4 43. Rb5 Be6 44. Rb1 Rf4 45. Rb7 h4 46. Re7 Bf5 47. Ra7 h3 0-1

[Event "BCF-chT4S 2324 (4NCL)"]
[Site "England"]
[Date "2023.11.19"]
[Round "2.12"]
[White "Pelling, Kyle"]
[Black "Jayawarna, Tarini"]
[Result "1-0"]
[WhiteElo "2015"]
[BlackElo "1542"]
[PlyCount "109"]
[EventDate "2024.02.11"]
[EventType "team-swiss"]
[EventRounds "11"]
[EventCountry "ENG"]
[SourceTitle "EXT 2025"]
[Source "ChessBase"]
[SourceDate "2024.10.14"]
[SourceVersion "1"]
[SourceVersionDate "2024.10.14"]
[SourceQuality "1"]
[WhiteTeam "Average Woodpushers"]
[BlackTeam "She Plays To Win Young Stars"]
[WhiteTeamCountry "ENG"]
[BlackTeamCountry "ENG"]

1. b3 d5 2. Bb2 Nf6 3. e3 g6 4. c4 c6 5. Bxf6 exf6 6. cxd5 Qxd5 7. Nc3 Qd8 8. d4 f5 9. Nge2 Bg7 10. Rc1 0-0 11. g3 Na6 12. Bg2 Bd7 13. Nf4 Qa5 14. 0-0 Rfe8 15. Nd3 Rad8 16. Na4 Re7 17. Nac5 Nxc5 18. Nxc5 Bc8 19. Qc2 h6 20. a3 Rd6 21. b4 Qd8 22. a4 Rc7 23. Rfd1 h5 24. Nd3 Rcd7 25. b5 Rc7 26. Nb4 Bd7 27. Qc5 Bf8 28. Qxa7 cxb5 29. axb5 Rxc1 30. Rxc1 Bxb5 31. Qxb7 Rb6 32. Qc8 Qxc8 33. Rxc8 Kg7 34. Nd5 Ra6 35. Rc1 Bd6 36. Bf3 Bc6 37. Kg2 Bd7 38. Rb1 Bc6 39. Nf4 Bxf4 40. gxf4 Be4 41. Rb5 Re6 42. Bxe4 Rxe4 43. Re5 Kf6 44. Rxe4 fxe4 45. Kf1 Ke6 46. Ke2 Kd5 47. Kd2 Kc4 48. Kc2 h4 49. Kd2 Kb4 50. Ke2 Kc4 51. Kf1 f6 52. Kg2 Kd5 53. Kh3 g5 54. fxg5 fxg5 55. Kg4 1-0

[Event "Glorney Cup"]
[Site "Stirling"]
[Date "2023.08.18"]
[Round "1"]
[White "Pelling, Kyle"]
[Black "Collins, Adam"]
[Result "1/2-1/2"]
[WhiteElo "1834"]
[BlackElo "2093"]
[PlyCount "95"]
[EventDate "2023.08.18"]
[EventType "team-tourn"]
[EventRounds "6"]
[EventCountry "SCO"]
[SourceTitle "CBM 216 Extra"]
[Source "ChessBase"]
[SourceDate "2023.11.30"]
[SourceVersion "1"]
[SourceVersionDate "2023.11.30"]
[SourceQuality "1"]
[WhiteTeam "England"]
[BlackTeam "Ireland"]
[WhiteTeamCountry "ENG"]
[BlackTeamCountry "IRL"]

1. e4 e5 2. Nf3 Nc6 3. Bb5 a6 4. Ba4 Nf6 5. d3 b5 6. Bb3 Be7 7. 0-0 d6 8. c3 0-0 9. Re1 Na5 10. Bc2 c5 11. Nbd2 Nc6 12. Nf1 h6 13. Ng3 Be6 14. d4 cxd4 15. cxd4 Bg4 16. d5 Nd4 17. Qd3 Nxc2 18. Qxc2 Rc8 19. Qe2 Nh5 20. h3 Nxg3 21. fxg3 Bxf3 22. gxf3 Bg5 23. h4 Qb6+ 24. Kg2 Bxc1 25. Raxc1 Rc7 26. Rc2 Qa5 27. Rxc7 Qxc7 28. Qd2 Rc8 29. Re3 Qc2 30. Qxc2 Rxc2+ 31. Kf1 b4 32. Rb3 a5 33. a3 Rc4 34. Ke2 f5 35. Kd3 Rd4+ 36. Ke3 fxe4 37. fxe4 h5 38. a4 Kf7 39. Rd3 Rc4 40. b3 Rc1 41. Kd2 Rg1 42. Rf3+ Ke7 43. Kd3 Rc1 44. Kd2 Rg1 45. Kd3 Rc1 46. Kd2 Rc8 47. Kd1 g6 48. Kd2 1/2-1/2

[Event "Blackpool op 46th"]
[Site "Blackpool"]
[Date "2023.02.12"]
[Round "4"]
[White "Surtees, Michael"]
[Black "Pelling, Kyle"]
[Result "1-0"]
[WhiteElo "2059"]
[BlackElo "1789"]
[PlyCount "121"]
[EventDate "2023.02.10"]
[EventType "swiss"]
[EventRounds "5"]
[EventCountry "ENG"]
[SourceTitle "EXT 2024"]
[Source "ChessBase"]
[SourceDate "2023.10.10"]
[SourceVersion "1"]
[SourceVersionDate "2023.10.10"]
[SourceQuality "1"]

1. e4 c6 2. Ne2 d5 3. e5 d4 4. d3 c5 5. Ng3 Nc6 6. f4 Nh6 7. c4 e6 8. Be2 Nf5 9. 0-0 Nxg3 10. hxg3 b6 11. Nd2 Bb7 12. Ne4 Be7 13. a3 Qd7 14. Bf3 0-0-0 15. b4 f5 16. exf6 gxf6 17. bxc5 f5 18. Nd6+ Bxd6 19. cxd6 Qg7 20. Qe1 Rxd6 21. a4 Qg6 22. c5 bxc5 23. Ba3 Rd7 24. Bxc5 Rg8 25. Rc1 Qxg3 26. Bxa7 Qxe1 27. Rfxe1 Rg6 28. Bxc6 Bxc6 29. Rxc6+ Kb7 30. Rexe6 Rxe6 31. Rxe6 Kxa7 32. Re5 Rf7 33. Rd5 Kb6 34. Kf2 Kc6 35. Rxd4 Kc5 36. Rc4+ Kd5 37. a5 Ra7 38. Ra4 Kc5 39. a6 Kb6 40. d4 Kb5 41. Ra1 Kc4 42. Ke3 Re7+ 43. Kf3 Ra7 44. Ra5 Kxd4 45. Rxf5 Rxa6 46. Re5 Rg6 47. g4 Ra6 48. g5 h6 49. Kg4 hxg5 50. Kxg5 Ra1 51. Kf6 Rh1 52. Re2 Kd5 53. f5 Rh3 54. Kg6 Rg3+ 55. Kf7 Ra3 56. f6 Ra7+ 57. Kg8 Ra8+ 58. Kg7 Ra1 59. f7 Rg1+ 60. Kf6 Rf1+ 61. Ke7 1-0

[Event "BCF-chT 2122 (4NCL)"]
[Site "England"]
[Date "2022.06.26"]
[Round "11.133"]
[White "Drabble, Andrew"]
[Black "Pelling, Kyle"]
[Result "1/2-1/2"]
[WhiteElo "2091"]
[BlackElo "1809"]
[PlyCount "58"]
[EventDate "2021.11.27"]
[EventType "team-swiss"]
[EventRounds "11"]
[EventCountry "ENG"]
[SourceTitle "EXT 2023"]
[Source "ChessBase"]
[SourceDate "2022.10.05"]
[SourceVersion "1"]
[SourceVersionDate "2022.10.05"]
[SourceQuality "1"]
[WhiteTeam "Guildford Castles"]
[BlackTeam "Manchester Manticores"]
[WhiteTeamCountry "ENG"]
[BlackTeamCountry "ENG"]

1. d4 Nf6 2. c4 e6 3. Nc3 Bb4 4. e3 0-0 5. Bd2 d5 6. Nf3 Nbd7 7. Rc1 c6 8. a3 Bxc3 9. Bxc3 Ne4 10. Bd3 f5 11. 0-0 Qe8 12. Ne5 Rf6 13. f3 Nxc3 14. Rxc3 Qh5 15. f4 Qxd1 16. Rxd1 Nxe5 17. dxe5 Rf7 18. Kf2 Bd7 19. h3 h5 20. Kg3 g6 21. Kh4 Kg7 22. Be2 Kh6 23. Kg3 Rg7 24. h4 Rd8 25. b4 a6 26. c5 Rc8 27. Kf2 Ra8 28. Rb1 Rgg8 29. a4 Rgb8 1/2-1/2

[Event "BCF-chT 2122 (4NCL)"]
[Site "England"]
[Date "2022.02.13"]
[Round "4.125"]
[White "Pelling, Kyle"]
[Black "Lewis, Andrew P"]
[Result "0-1"]
[WhiteElo "1809"]
[BlackElo "2229"]
[PlyCount "86"]
[EventDate "2021.11.27"]
[EventType "team-swiss"]
[EventRounds "11"]
[EventCountry "ENG"]
[SourceTitle "EXT 2023"]
[Source "ChessBase"]
[SourceDate "2022.10.05"]
[SourceVersion "1"]
[SourceVersionDate "2022.10.05"]
[SourceQuality "1"]
[WhiteTeam "Manchester Manticores"]
[BlackTeam "Anglian Avengers"]
[WhiteTeamCountry "ENG"]
[BlackTeamCountry "ENG"]

1. e4 c5 2. Nf3 Nc6 3. d4 cxd4 4. Nxd4 Nf6 5. Nc3 d6 6. Bg5 e6 7. f4 h6 8. Bh4 Be7 9. Qd3 a6 10. 0-0-0 Bd7 11. Rg1 g5 12. fxg5 Ng4 13. Nf3 hxg5 14. Bg3 Nge5 15. Nxe5 Nxe5 16. Qd4 Qa5 17. Be2 Rc8 18. Rgf1 Qc5 19. Bxe5 Qxe5 20. Qf2 f6 21. g3 b5 22. Bd3 Qc5 23. Ne2 Qxf2 24. Rxf2 Rh6 25. Rh1 g4 26. Nd4 Bd8 27. Kd2 Bb6 28. c3 Rc5 29. Be2 Rg5 30. Rhf1 Ke7 31. a4 bxa4 32. Bxa6 Rgh5 33. Be2 Rxh2 34. Bxg4 e5 35. Bxd7 exd4 36. Rxh2 Rxh2+ 37. Kd3 Kxd7 38. cxd4 Rxb2 39. Rxf6 a3 40. Rf1 Rb4 41. Kc3 Rxd4 42. Rb1 Bc5 43. Rb5 Rxe4 0-1

[Event "BCF-chT 2122 (4NCL)"]
[Site "England"]
[Date "2021.11.28"]
[Round "2.136"]
[White "Pelling, Kyle"]
[Black "Merriman, James"]
[Result "1/2-1/2"]
[WhiteElo "1809"]
[BlackElo "1861"]
[PlyCount "58"]
[EventDate "2021.11.27"]
[EventType "team-swiss"]
[EventRounds "11"]
[EventCountry "ENG"]
[SourceTitle "EXT 2023"]
[Source "ChessBase"]
[SourceDate "2022.10.05"]
[SourceVersion "1"]
[SourceVersionDate "2022.10.05"]
[SourceQuality "1"]
[WhiteTeam "Manchester Manticores"]
[BlackTeam "KJCA Kings"]
[WhiteTeamCountry "ENG"]
[BlackTeamCountry "ENG"]

1. e4 e6 2. d4 d5 3. Nc3 Nf6 4. Bg5 Bb4 5. e5 h6 6. exf6 hxg5 7. fxg7 Rg8 8. h4 gxh4 9. Qg4 Qf6 10. Nf3 Rxg7 11. Qxh4 Qxh4 12. Rxh4 Nc6 13. a3 Bf8 14. g3 Bd7 15. Bb5 0-0-0 16. 0-0-0 Be7 17. Rh5 Bf6 18. Rh6 Rg6 19. Rxg6 fxg6 20. Bxc6 Bxc6 21. Re1 Bd7 22. Ne5 Rh8 23. f4 g5 24. Ne2 Rh3 25. Kd1 Bb5 26. Nc3 Be8 27. Rg1 c6 28. Ne2 Kc7 29. Nf3 Bh5 1/2-1/2

[Event "Leyland 2-Day Weekend U1900"]
[Site "Leyland"]
[Date "2019.12.15"]
[Round "5"]
[White "Pelling, Kyle"]
[Black "Clegg, Robert"]
[Result "0-1"]
[WhiteElo "1644"]
[BlackElo "1738"]
[PlyCount "42"]
[EventDate "2019.12.14"]
[EventType "swiss"]
[EventRounds "5"]
[EventCountry "ENG"]
[SourceTitle "EXT 2025"]
[Source "ChessBase"]
[SourceDate "2024.10.14"]
[SourceVersion "1"]
[SourceVersionDate "2024.10.14"]
[SourceQuality "1"]

1. e4 e6 2. d4 d5 3. Nc3 Bb4 4. e5 c5 5. a3 Bxc3+ 6. bxc3 Ne7 7. Nf3 Nbc6 8. Bd3 Qa5 9. Bd2 c4 10. Be2 Bd7 11. Qc1 0-0 12. h4 f6 13. exf6 Rxf6 14. Bg5 Rf7 15. Qd2 Nf5 16. g4 Nd6 17. Kf1 Ne4 18. Qe1 Raf8 19. Rh3 e5 20. Qd1 Bxg4 21. Kg2 Bxh3+ 0-1

[Event "Leyland 2-Day Weekend U1900"]
[Site "Leyland"]
[Date "2019.12.14"]
[Round "2"]
[White "Jayawarna, Tarini"]
[Black "Pelling, Kyle"]
[Result "1-0"]
[WhiteElo "1515"]
[BlackElo "1644"]
[PlyCount "95"]
[EventDate "2019.12.14"]
[EventType "swiss"]
[EventRounds "5"]
[EventCountry "ENG"]
[SourceTitle "EXT 2025"]
[Source "ChessBase"]
[SourceDate "2024.10.14"]
[SourceVersion "1"]
[SourceVersionDate "2024.10.14"]
[SourceQuality "1"]

1. e4 c6 2. d4 d5 3. Nc3 dxe4 4. Nxe4 Nf6 5. Nxf6+ gxf6 6. c3 Bf5 7. Nf3 Nd7 8. g3 e6 9. Bg2 Bd6 10. 0-0 Qc7 11. Nh4 Bg6 12. b4 Nb6 13. Qb3 0-0-0 14. a4 Nd5 15. Ba3 a5 16. bxa5 Bxa3 17. Rxa3 Qxa5 18. Nxg6 fxg6 19. Rb1 Qc7 20. Ra2 f5 21. Rab2 Rd7 22. a5 Rhd8 23. Qa3 Qb8 24. c4 Ne7 25. a6 Qa7 26. Rxb7 Rxb7 27. Rxb7 Qxd4 28. Qxe7 Qd1+ 29. Bf1 Qd6 30. Qxd6 Rxd6 31. Rxh7 Kb8 32. Rh6 e5 33. Rh7 c5 34. Be2 Rxa6 35. Rd7 Rc6 36. f3 Kc8 37. Re7 e4 38. fxe4 Kd8 39. Re5 fxe4 40. Rxe4 Kd7 41. Kf2 Rf6+ 42. Ke3 Kd6 43. Bd3 Kc6 44. Rg4 Re6+ 45. Kf4 Rf6+ 46. Ke5 Rf2 47. Rxg6+ Kc7 48. h3 1-0

[Event "Leyland 2-Day Weekend U1900"]
[Site "Leyland"]
[Date "2019.12.14"]
[Round "3"]
[White "Pelling, Kyle"]
[Black "De Santos, Andrew R"]
[Result "1-0"]
[WhiteElo "1644"]
[BlackElo "1635"]
[PlyCount "89"]
[EventDate "2019.12.14"]
[EventType "swiss"]
[EventRounds "5"]
[EventCountry "ENG"]
[SourceTitle "EXT 2025"]
[Source "ChessBase"]
[SourceDate "2024.10.14"]
[SourceVersion "1"]
[SourceVersionDate "2024.10.14"]
[SourceQuality "1"]

1. e4 c5 2. Nc3 d6 3. g3 Nf6 4. Bg2 g6 5. f4 Nc6 6. d3 Bg7 7. Be3 0-0 8. h3 e6 9. Nf3 Re8 10. Qd2 d5 11. Bxc5 dxe4 12. dxe4 Qxd2+ 13. Nxd2 Nd7 14. Be3 a6 15. e5 Bf8 16. Nde4 Rb8 17. 0-0-0 Kg7 18. Nd6 Bxd6 19. exd6 Rd8 20. Na4 f6 21. Bb6 Nxb6 22. Nxb6 Bd7 23. Rhe1 Kf7 24. Re3 e5 25. Nxd7 Rxd7 26. Bxc6 bxc6 27. fxe5 fxe5 28. Rxe5 Rbd8 29. Rf1+ Kg8 30. Rf6 Rxd6 31. Rxd6 Rxd6 32. Ra5 Kf7 33. Rxa6 g5 34. Ra7+ Kg6 35. g4 h6 36. Rc7 Rf6 37. a4 h5 38. a5 hxg4 39. hxg4 Rf4 40. Rxc6+ Kf7 41. a6 Rxg4 42. b3 Re4 43. Rc7+ Kg6 44. Rc8 Re7 45. b4 1-0

[Event "GBR-ch U1750 106th"]
[Site "Torquay"]
[Date "2019.08.02"]
[Round "5"]
[White "Pelling, Kyle"]
[Black "Pride, Stephen C"]
[Result "1/2-1/2"]
[WhiteElo "1463"]
[BlackElo "1591"]
[PlyCount "59"]
[EventDate "2019.07.29"]
[EventType "swiss"]
[EventRounds "7"]
[EventCountry "ENG"]
[SourceTitle "EXT 2025"]
[Source "ChessBase"]
[SourceDate "2024.10.14"]
[SourceVersion "1"]
[SourceVersionDate "2024.10.14"]
[SourceQuality "1"]

1. e4 d6 2. d4 Nf6 3. Nc3 e5 4. dxe5 dxe5 5. Qxd8+ Kxd8 6. Bc4 Bb4 7. f3 Ke7 8. Bg5 Bxc3+ 9. bxc3 h6 10. Be3 Nbd7 11. 0-0-0 b6 12. Nh3 Bb7 13. Nf2 Rhd8 14. Rd2 Nf8 15. Nd3 N6d7 16. Rhd1 f6 17. Nb4 c6 18. a3 a5 19. Nd3 Ne6 20. Bxe6 Kxe6 21. g4 Ke7 22. h4 c5 23. Nf2 Nf8 24. h5 Rxd2 25. Rxd2 Rd8 26. Rxd8 Kxd8 27. Kd2 Ba6 28. Nd3 Ne6 29. Nf2 Kd7 30. Nd3 1/2-1/2

[Event "World School-ch U13"]
[Site "Antalya"]
[Date "2019.04.25"]
[Round "8"]
[White "Bektas, Cagan Erdem"]
[Black "Pelling, Kyle"]
[Result "1-0"]
[WhiteElo "1636"]
[BlackElo "1486"]
[PlyCount "89"]
[EventDate "2019.04.18"]
[EventType "swiss"]
[EventRounds "9"]
[EventCountry "TUR"]
[SourceTitle "CBM 190 Extra"]
[Source "ChessBase"]
[SourceDate "2019.07.15"]
[SourceVersion "1"]
[SourceVersionDate "2019.07.15"]
[SourceQuality "1"]

1. d4 Nf6 2. Bf4 d5 3. e3 c5 4. c3 Nc6 5. Nd2 Bf5 6. Qb3 Qd7 7. Ngf3 c4 8. Qd1 e6 9. Nh4 Be7 10. Nxf5 exf5 11. Be2 0-0 12. 0-0 Rfe8 13. b3 b5 14. a4 a6 15. Qc2 Bf8 16. Rfd1 Ne4 17. Nf3 f6 18. Nd2 Nxd2 19. Rxd2 Na5 20. bxc4 bxc4 21. Rdd1 Nb3 22. Ra2 g6 23. Bf3 Rac8 24. h4 Kh8 25. Rb1 Qc6 26. Bh2 Bd6 27. h5 Qc7 28. Bxd6 Qxd6 29. g3 Re7 30. Kg2 Rcc7 31. Rh1 Kg8 32. Rh2 Qd7 33. Qb1 Qe6 34. hxg6 hxg6 35. Rh6 Rg7 36. Qh1 Kf7 37. Rh8 Ke7 38. Rb8 Kd6 39. Qh8 Kc6 40. a5 Rb7 41. Ra8 Ra7 42. Ra4 Rgb7 43. Rxc4+ Kd6 44. Rxa7 Rxa7 45. Qb8+ 1-0

[Event "BCF-chT3N 1819 (4NCL)"]
[Site "England"]
[Date "2019.03.16"]
[Round "7.26"]
[White "Hinchcliffe, Gary"]
[Black "Pelling, Kyle"]
[Result "1-0"]
[WhiteElo "1877"]
[BlackElo "1652"]
[PlyCount "91"]
[EventDate "2018.11.10"]
[EventType "team-swiss"]
[EventRounds "11"]
[EventCountry "ENG"]
[SourceTitle "EXT 2021"]
[Source "ChessBase"]
[SourceDate "2020.10.23"]
[SourceVersion "1"]
[SourceVersionDate "2020.10.23"]
[SourceQuality "1"]
[WhiteTeam "Shropshire"]
[BlackTeam "Bolton & Worsley"]
[WhiteTeamCountry "ENG"]
[BlackTeamCountry "ENG"]

1. d4 Nf6 2. Bg5 e6 3. Nf3 Be7 4. e3 b6 5. Bd3 Bb7 6. Nbd2 d5 7. c3 Nbd7 8. 0-0 0-0 9. Qe2 h6 10. Bh4 c5 11. h3 Rc8 12. Rac1 Qc7 13. Bg3 Bd6 14. Bxd6 Qxd6 15. e4 dxe4 16. Nxe4 Nxe4 17. Bxe4 Bxe4 18. Qxe4 Nf6 19. Qe2 Qe7 20. Rfd1 Rfd8 21. Rc2 Rc7 22. Rcd2 Rdc8 23. Ne5 Nd5 24. dxc5 Rxc5 25. Ng4 Qg5 26. Ne3 Nxe3 27. Qxe3 Qxe3 28. fxe3 Ra5 29. a3 Kf8 30. Rd7 Ke8 31. Rb7 Rd5 32. Rxd5 exd5 33. Rxa7 Rc6 34. Kf2 Kf8 35. Rd7 Rc5 36. Ke2 g6 37. Kd3 Ke8 38. Rb7 Rc6 39. Kd4 Rd6 40. b4 Kf8 41. a4 Kg7 42. a5 bxa5 43. bxa5 Kf6 44. Rb6 Ke7 45. Rxd6 Kxd6 46. a6 1-0